Mashetani wa Alepo (Record no. 47157)
[ view plain ]
| 000 -LEADER | |
|---|---|
| fixed length control field | 00538 a2200205 4500 |
| 003 - CONTROL NUMBER IDENTIFIER | |
| control field | OSt |
| 005 - DATE AND TIME OF LATEST TRANSACTION | |
| control field | 20190826155002.0 |
| 008 - FIXED-LENGTH DATA ELEMENTS--GENERAL INFORMATION | |
| fixed length control field | 190826b ||||| |||| 00| 0 eng d |
| 020 ## - INTERNATIONAL STANDARD BOOK NUMBER | |
| International Standard Book Number | 9789966510433 |
| 040 ## - CATALOGING SOURCE | |
| Transcribing agency | SPU Library |
| 050 ## - LIBRARY OF CONGRESS CALL NUMBER | |
| Classification number | PL8704 |
| Item number | .O43 2015 |
| 100 ## - MAIN ENTRY--PERSONAL NAME | |
| Personal name | Olali, Tom. |
| 245 ## - TITLE STATEMENT | |
| Title | Mashetani wa Alepo |
| Remainder of title | Tom Olali. |
| 260 ## - PUBLICATION, DISTRIBUTION, ETC. (IMPRINT) | |
| Name of publisher, distributor, etc | Jomo Kenyatta Foundation |
| Date of publication, distribution, etc | 2015 |
| Place of publication, distribution, etc | Nairobi, Kenya : |
| 300 ## - PHYSICAL DESCRIPTION | |
| Extent | v, 301 p. ; |
| Other physical details | 18 cm |
| 520 ## - SUMMARY, ETC. | |
| Summary, etc | A novel. |
| 546 ## - LANGUAGE NOTE | |
| Language note | In Swahili. |
| 650 ## - SUBJECT ADDED ENTRY--TOPICAL TERM | |
| Topical term or geographic name as entry element | Kiswahili |
| General subdivision | novel |
| 942 ## - ADDED ENTRY ELEMENTS (KOHA) | |
| Koha item type | Book |
| Source of classification or shelving scheme | Library of Congress Classification |
| Withdrawn status | Lost status | Source of classification or shelving scheme | Damaged status | Not for loan | Collection code | Home library | Current library | Shelving location | Date acquired | Source of acquisition | Cost, normal purchase price | Total Checkouts | Total Renewals | Full call number | Barcode | Date last seen | Date checked out | Price effective from | Koha item type |
|---|---|---|---|---|---|---|---|---|---|---|---|---|---|---|---|---|---|---|---|
| Library of Congress Classification | Fiction | Bishop Okullu Memorial Library (Limuru Campus) | Bishop Okullu Memorial Library (Limuru Campus) | General Circulation | 26/08/2019 | Purchase | 450.00 | 11 | 1 | PL8704 .O43 2015 | 050350 | 20/02/2026 | 05/02/2026 | 26/08/2019 | Book |